LEADER 00781nam a2200205 i 4500 001 000000227588 003 CaOOAMICUS 005 20140303000000.0 008 140303s1866 it u000 u lat u 013 $a206490 040 $aSeMil$bita 245 10$aTomus 8. 300 $aIX, 648 p. 500 $aFondo Bidoglio. 773 0 $aBonaventura : da Bagnorea $tS.R.E. Cardinalis s. Bonaventurae opera omnia Sixti 5. pontificis maximi iussu diligentissime emendata.$bEditio accurate recognita ...$dParisiis : L. Vivès, 1864-1871.$g8$w()29522 850 $aSeMil 852 $aSeMil$W1$xVenegono$y1$m2N VII 8 FA$j177934$B177934$CSeMilBibl$Z2$F188812 $8I 941 1 $a2 961 $aLascito: Bidoglio don Maurizio 996 $6245$aTomus 8$9(OLS)http://semarc/title/308140 LEADER 00992nam a2200277 i 4500 001 000000192858 003 CaOOAMICUS 005 20151021000000.0 008 151021n it u000 u ita u 013 $a171493 040 $aSeMil$bita 100 1 $aPinnow, Hermann.$0(OLS)http://semarc/name/70274 245 10$aStoria della Germania /$cHermann Pinnow. 250 $aNuova redazione a cura dell'autore. 260 $aMilano :$bCorticelli,$c[193?] 300 $a420 p. ;$c20 cm. 490 0 $aStorica 500 $aFondo card. Giovanni Colombo. 650 4$aGermania - Storia.$0(OLS)http://semarc/subject/668 830 0$aStorica.$0(OLS)http://semarc/title/7357 850 $aSeMil 852 $aSeMil$W1$xVenegono$y1$m3GC II 477$j143432$B143432$CSeMilBibl$Z2$F154886 $8B 941 1 $a3 961 $aLascito: Colombo Card. Giovanni 996 $6245$aStoria della Germania$9(OLS)http://semarc/title/278006 996 $6260$aMilano :$bCorticelli$9(OLS)http://semarc/publisher/33187